| 000 | 00608nam a22001937a 4500 | ||
|---|---|---|---|
| 999 |
_c169782 _d169782 |
||
| 005 | 20191204120703.0 | ||
| 010 | _aA-338960 | ||
| 020 |
_c150.00 _a- |
||
| 035 | _aA-338960 | ||
| 037 |
_bBPPD/Pub. _a- |
||
| 082 | _a230.1 | ||
| 100 | _aتلسی د ا س | ||
| 245 |
_aتلسی را ما ين سچستر _cتلسی د ا س |
||
| 246 |
_bTulsi Ramayan Sachitr (Urdu) _aby Tulsi Dass |
||
| 260 |
_a Delhi _bDhiati Pustak Bhandar _c1988 ء |
||
| 270 |
_aChowk Barshah Bola Chawri Bazar , _bDelhi _e110006 _k- _l- |
||
| 300 |
_a835 ص _c22 Cm(Hb) |
||
| 942 |
_2ddc _cUR _h230.1 _mت ل س |
||